000 00337nam a2200133Ia 4500
008 240624s9999 xx 000 0 und d
041 _aeng
082 _a658.4092 BEL
100 _aBENNETT MICK
245 _aLEADERSHIP AND TALENT IN ASIA HOW THE BE
260 _c2008
_aNew Delhi
_bWiley India
300 _a400 : p.
365 _cRS
_b33.33
999 _c9213
_d9213